Les 2 meilleurs milieux centraux de ces grands clubs dans l'histoir - Statistiques

Statistiques générales
  • Ce quiz a été pris 63 fois
  • Le résultat moyen est 18 sur 30
Statistiques - réponses
Clubs Nationalités Joueurs % Correct
FC Barcelone Espagne Andrés Iniesta
100%
Réal Madrid Croatie Luka Modric
100%
Arsenal France Patrick Vieira
100%
Réal Madrid Allemagne Toni Kroos
100%
FC Barcelone Espagne Xavi
100%
Chelsea Angleterre Frank Lampard
97%
Paris Saint-Germain Italie Marco Verratti
95%
Liverpool Angleterre Steven Gerrard
95%
Manchester City Côte d'Ivoire Yaya Touré
93%
Paris Saint-Germain Portugal Vitinha
91%
Chelsea France N'Golo Kanté
86%
Manchester City Espagne Rodri
84%
AC Milan Italie Andrea Pirlo
83%
Manchester United Angleterre Paul Scholes
83%
Manchester United Irlande Roy Keane
74%
Olympique Lyonnais Ghana Michael Essien
71%
Bayern Munich Allemagne Bastian Schweinsteiger
50%
Olympique de Marseille France Didier Deschamps
50%
AC Milan Pays-Bas Frank Rijkaard
45%
Juventus Turin Italie Claudio Marchisio
41%
Olympique Lyonnais France Corentin Tolisso
31%
Inter Milan Argentine Esteban Cambiasso
31%
Olympique de Marseille France Franck Sauzée
12%
Inter Milan Espagne Luis Suarez
12%
Borussia Dortmund Allemagne Matthias Sammer
12%
Bayern Munich Allemagne Mehmet Scholl
5%
Arsenal Angleterre Ray Parlour
5%
Juventus Turin Italie Marco Tardelli
3%
Liverpool Angleterre Ian Callaghan
2%
Borussia Dortmund Allemagne Michael Zorc
0%
Aucun quiz correspondant
Distribution des résultats
% des personnes avec chaque résultat
Percentile par nombre de réponses
Votre historique - résultats
Vous n’avez pas pris ce quiz